[Event "GER-chT U20"]
[Site "Magdeburg"]
[Date "2023.12.27"]
[Round "1.7"]
[White "Jahrke, Jonas"]
[Black "Elstner, Florian"]
[Result "0-1"]
[WhiteElo "1831"]
[BlackElo "1815"]
[PlyCount "112"]
[EventDate "2023.12.26"]
[EventType "team-swiss"]
[EventRounds "7"]
[EventCountry "GER"]
[SourceTitle "CB03_2024"]
[SourceDate "2024.01.17"]
[SourceVersion "1"]
[SourceVersionDate "2024.01.17"]
[SourceQuality "1"]
[WhiteTeam "Essen Katernberg"]
[BlackTeam "Plauen Koenig"]
[WhiteTeamCountry "GER"]
[BlackTeamCountry "GER"]

1. d4 d5 2. Nf3 Nf6 3. g3 e6 4. Bg2 Bd6 5. c4 c6 6. 0-0 0-0 7. Qc2 Nbd7 8. Nbd2 Re8 9. e4 dxe4 10. Nxe4 Nxe4 11. Qxe4 e5 12. dxe5 Nxe5 13. Nxe5 Bxe5 14. Qc2 Qf6 15. Re1 Bf5 16. Be4 Bxe4 17. Qxe4 Re6 18. Qc2 Rae8 19. Be3 Bd4 20. Qd2 Bxb2 21. Bg5 Qd4 22. Rxe6 Rxe6 23. Rb1 Qxd2 24. Bxd2 Bd4 25. Rxb7 Kf8 26. Bb4+ c5 27. Ba5 Re2 28. Rxa7 Rxf2 29. Kh1 Rc2 30. Bb6 g6 31. a4 Rxc4 32. a5 Rb4 33. Rc7 Rb5 34. Rc6 Rb1+ 35. Kg2 Ra1 36. Bc7 Ke7 37. Bb6 h5 38. Kf3 Kd7 39. Rc7+ Ke6 40. Ke4 f5+ 41. Kf4 Be5+ 42. Kg5 Bxc7 43. Bxc7 c4 44. Kxg6 c3 45. Kxh5 c2 46. Bf4 c1Q 47. Bxc1 Rxc1 48. h4 Kf6 49. Kh6 Ra1 50. h5 Rxa5 51. Kh7 Ra3 52. h6 Rxg3 53. Kh8 Rh3 54. h7 f4 55. Kg8 f3 56. h8R Rxh8+ 0-1

[Event "GER-chT U16"]
[Site "Darmstadt"]
[Date "2022.12.29"]
[Round "5"]
[White "Bilovil, Bogdan"]
[Black "Elstner, Florian"]
[Result "1-0"]
[WhiteElo "2373"]
[BlackElo "1736"]
[PlyCount "67"]
[EventDate "2022.12.26"]
[EventType "team-swiss"]
[EventRounds "7"]
[EventCountry "GER"]
[SourceTitle "CBM 212 Extra"]
[Source "ChessBase"]
[SourceDate "2023.03.31"]
[SourceVersion "1"]
[SourceVersionDate "2023.03.31"]
[SourceQuality "1"]
[WhiteTeam "Rheda"]
[BlackTeam "Plauen Koenig"]
[WhiteTeamCountry "GER"]
[BlackTeamCountry "GER"]

1. Nf3 Nf6 2. c4 c5 3. b3 e6 4. Bb2 d5 5. e3 Nc6 6. cxd5 exd5 7. Be2 Be7 8. 0-0 0-0 9. d4 b6 10. Nc3 Bb7 11. Rc1 Rc8 12. dxc5 bxc5 13. Na4 Ne4 14. Nd2 Qa5 15. Nxe4 dxe4 16. Bc4 Qc7 17. Bd5 Nb4 18. Qg4 g6 19. Bc4 Rfd8 20. h4 Nd3 21. h5 Nxb2 22. Nxb2 Qd7 23. Qf4 Bd6 24. Qf6 Qe7 25. Qxe7 Bxe7 26. hxg6 hxg6 27. Rc2 Rd7 28. Bb5 Rd5 29. Rfc1 Rcd8 30. Kf1 Bf6 31. Na4 Rd1+ 32. Rxd1 Rxd1+ 33. Ke2 Ra1 34. Nxc5 1-0

[Event "GER-chT U16"]
[Site "Darmstadt"]
[Date "2022.12.27"]
[Round "1"]
[White "Elstner, Florian"]
[Black "Bungarten, Jona"]
[Result "0-1"]
[WhiteElo "1736"]
[BlackElo "2151"]
[PlyCount "68"]
[EventDate "2022.12.26"]
[EventType "team-swiss"]
[EventRounds "7"]
[EventCountry "GER"]
[SourceTitle "CBM 212 Extra"]
[Source "ChessBase"]
[SourceDate "2023.03.31"]
[SourceVersion "1"]
[SourceVersionDate "2023.03.31"]
[SourceQuality "1"]
[WhiteTeam "Plauen Koenig"]
[BlackTeam "Brackel"]
[WhiteTeamCountry "GER"]
[BlackTeamCountry "GER"]

1. d4 d5 2. c4 e6 3. Nc3 Nf6 4. cxd5 exd5 5. Bg5 Be7 6. e3 0-0 7. Bd3 c6 8. Nge2 Re8 9. Qc2 Ne4 10. Bf4 f5 11. f3 Nd6 12. 0-0-0 Bg5 13. Kb1 Bxf4 14. exf4 Qf6 15. Ng3 g6 16. Rhe1 Nd7 17. Rxe8+ Nxe8 18. Qe2 Nd6 19. Re1 Qxd4 20. Qe6+ Nf7 21. Qe8+ Nf8 22. Bc2 Qf6 23. Ba4 Nd6 24. Qe2 Ne6 25. Qd2 Nc4 26. Qc1 b5 27. Bxb5 cxb5 28. Nxd5 Qg7 29. b3 Nb6 30. Qc6 Bd7 31. Qb7 Nc5 32. Qc7 Nxd5 33. Qxc5 Nc3+ 34. Kc2 Rc8 0-1

[Event "Oberliga Ost-A 1920"]
[Site "Germany"]
[Date "2021.07.17"]
[Round "10.8"]
[White "Elstner, Florian"]
[Black "Friedel, Manuel"]
[Result "0-1"]
[WhiteElo "1588"]
[BlackElo "1884"]
[PlyCount "68"]
[EventDate "2019.09.29"]
[EventType "team-tourn"]
[EventRounds "11"]
[EventCountry "GER"]
[SourceTitle "EXT 2023"]
[Source "ChessBase"]
[SourceDate "2022.10.05"]
[SourceVersion "1"]
[SourceVersionDate "2022.10.05"]
[SourceQuality "1"]
[WhiteTeam "Plauen Koenig"]
[BlackTeam "Aue Nickelhuette II"]
[WhiteTeamCountry "GER"]
[BlackTeamCountry "GER"]

1. d4 d5 2. c4 c6 3. Nc3 Nf6 4. cxd5 cxd5 5. Bg5 e6 6. e3 Nc6 7. Bd3 Be7 8. Nge2 0-0 9. a3 e5 10. dxe5 Nxe5 11. Bc2 Be6 12. 0-0 Rc8 13. Bb3 Nc4 14. Qc2 Qb6 15. Nd4 Rfd8 16. Rac1 Bg4 17. Nxd5 Rxd5 18. Bxf6 Bxf6 19. Qe4 Rxd4 20. exd4 Qxb3 21. Qxg4 Rd8 22. d5 Ne5 23. Qf5 Qxd5 24. Rc8 Qd6 25. Re1 g6 26. Rxd8+ Qxd8 27. Qe4 Qd7 28. Qf4 Kg7 29. g3 Qd5 30. Re3 h6 31. b4 Nc6 32. Rf3 Be5 33. Qe3 Nd4 34. Rxf7+ Kxf7 0-1

[Event "GER-chT U16"]
[Site "Magdeburg"]
[Date "2019.12.28"]
[Round "4.7"]
[White "Elstner, Florian"]
[Black "Seinsoth, Paul"]
[Result "1-0"]
[WhiteElo "1487"]
[BlackElo "1629"]
[PlyCount "121"]
[EventDate "2019.12.27"]
[EventType "team-swiss"]
[EventRounds "7"]
[EventCountry "GER"]
[SourceTitle "CBM 194 Extra"]
[Source "ChessBase"]
[SourceDate "2020.03.31"]
[SourceVersion "1"]
[SourceVersionDate "2020.03.31"]
[SourceQuality "1"]
[WhiteTeam "Plauen Koenig"]
[BlackTeam "Erfurt SK"]
[WhiteTeamCountry "GER"]
[BlackTeamCountry "GER"]

1. d4 Nf6 2. c4 e6 3. Nc3 Bb4 4. Qc2 b6 5. Nf3 Bb7 6. e3 0-0 7. Bd2 Qe7 8. a3 Bxc3 9. Bxc3 d6 10. Bd3 Nbd7 11. 0-0 a5 12. b3 Rfe8 13. e4 e5 14. d5 Nc5 15. Nd2 Nxd3 16. Qxd3 Nh5 17. Qf3 Nf4 18. Rfe1 Bc8 19. Nf1 Qf6 20. Kh1 Qg6 21. Ng3 Bg4 22. Qe3 h5 23. f3 Bd7 24. Rg1 Qf6 25. Ne2 Nxe2 26. Qxe2 Qg6 27. Rge1 f5 28. Rf1 f4 29. Kg1 Kf7 30. Kf2 Qf6 31. Ke1 g5 32. h3 Rg8 33. Qd3 g4 34. fxg4 hxg4 35. hxg4 Rxg4 36. Ra2 Rag8 37. Qf3 Qg5 38. Rff2 Rg3 39. Qe2 Re3 40. Qxe3 Rh8 41. Kd2 Rh1 42. Kc2 Bg4 43. Qd2 Rd1 44. Qxd1 Bxd1+ 45. Kxd1 Qh5+ 46. Rae2 Kg6 47. Rf3 Kg5 48. Rh3 Qg4 49. Rh7 Kg6 50. Rxc7 f3 51. gxf3 Qxf3 52. Kd2 Qf4+ 53. Kc2 Qf3 54. Rd2 Qxe4+ 55. Kb2 Qe3 56. Rc6 Kf5 57. Rxd6 e4 58. Rf6+ Kg4 59. Rg2+ Kh3 60. Rfg6 Qf4 61. R6g3+ 1-0

[Event "GER-chT U14"]
[Site "Verden an der Aller"]
[Date "2017.12.28"]
[Round "3.3"]
[White "Grunwald, Jonathan"]
[Black "Elstner, Florian"]
[Result "1/2-1/2"]
[WhiteElo "1588"]
[BlackElo "1407"]
[PlyCount "136"]
[EventDate "2017.12.26"]
[EventType "team-swiss"]
[EventRounds "7"]
[EventCountry "GER"]
[SourceTitle "CBM 182 Extra"]
[Source "ChessBase"]
[SourceDate "2018.02.23"]
[SourceVersion "1"]
[SourceVersionDate "2018.02.23"]
[SourceQuality "1"]
[WhiteTeam "Biebertal"]
[BlackTeam "Plauen Koenig"]
[WhiteTeamCountry "GER"]
[BlackTeamCountry "GER"]

1. e4 c5 2. Nc3 Nc6 3. f4 d6 4. Nf3 Nf6 5. Bc4 e6 6. 0-0 Be7 7. d3 0-0 8. Qe1 Re8 9. Qg3 d5 10. Bb5 a6 11. Bxc6 bxc6 12. e5 Nd7 13. f5 exf5 14. Bh6 Bf8 15. Nh4 Nb6 16. Nxf5 Bxf5 17. Rxf5 g6 18. Bxf8 Rxf8 19. Raf1 Ra7 20. e6 Rb7 21. exf7+ Rbxf7 22. Rxf7 Rxf7 23. Rxf7 Kxf7 24. Qf2+ Kg7 25. Qxc5 Qe8 26. Kf2 Qf7+ 27. Ke2 Qe6+ 28. Kd2 Nd7 29. Qe3 Qd6 30. h3 d4 31. Qf3 dxc3+ 32. Kxc3 Qc5+ 33. Kd2 Qg5+ 34. Kd1 Ne5 35. Qe4 Qf5 36. Qe2 Qf4 37. Qe1 Qd4 38. Kc1 c5 39. Qe2 Qf4+ 40. Kd1 c4 41. dxc4 Nxc4 42. c3 Ne3+ 43. Ke1 Nd5 44. Qxa6 Qg3+ 45. Kd1 Ne3+ 46. Ke2 Nf5 47. Qb7+ Kh6 48. Qf3 Qe5+ 49. Kd2 Qd6+ 50. Qd3 Qf4+ 51. Ke2 Qe5+ 52. Kd1 Qa5 53. a3 Qb6 54. b4 Qg1+ 55. Kc2 Qxg2+ 56. Qd2+ Qxd2+ 57. Kxd2 Kg5 58. a4 Nd6 59. a5 Kf5 60. a6 Nc8 61. Ke3 Ke5 62. c4 h6 63. b5 Kd6 64. Kd4 h5 65. c5+ Kc7 66. b6+ Nxb6 67. cxb6+ Kxb6 68. h4 g5 1/2-1/2

[Event "GER-chT U10"]
[Site "Magdeburg"]
[Date "2016.12.27"]
[Round "1.2"]
[White "Hartmann, Simon"]
[Black "Elstner, Florian"]
[Result "1/2-1/2"]
[WhiteElo "792"]
[BlackElo "1197"]
[PlyCount "67"]
[EventDate "2016.12.27"]
[EventType "team-swiss"]
[EventRounds "7"]
[EventCountry "GER"]
[SourceTitle "EXT 2018"]
[Source "ChessBase"]
[SourceDate "2017.10.13"]
[SourceVersion "1"]
[SourceVersionDate "2017.10.13"]
[SourceQuality "1"]
[WhiteTeam "Niederkassel"]
[BlackTeam "Plauen Koenig"]
[WhiteTeamCountry "GER"]
[BlackTeamCountry "GER"]

1. e4 c5 2. Nc3 Nc6 3. Bc4 e6 4. Nge2 Be7 5. d3 Nf6 6. Bg5 0-0 7. 0-0 a6 8. Qd2 b5 9. Bb3 d6 10. Qf4 Bb7 11. Qg3 Nh5 12. Bxe7 Qxe7 13. Qg4 Nf6 14. Qg5 Ne5 15. Nf4 Rfe8 16. Rae1 Rac8 17. Nh5 Ng6 18. Re3 h6 19. Nxf6+ Qxf6 20. Qxf6 gxf6 21. Ne2 Kf8 22. c4 Ke7 23. cxb5 axb5 24. d4 Rg8 25. g3 cxd4 26. Nxd4 b4 27. Nb5 Ba6 28. Ba4 Rb8 29. Nc7 Bxf1 30. Kxf1 Rbc8 31. Na6 Ne5 32. Nxb4 Rc4 33. a3 Nd7 34. Nc6+ 1/2-1/2